D'lloyd koleksi unggul [ MTV/karaoke

General viewing for all ages (U)

Bibliographic Details
Format: Book
Published: Kuala Lumpur : Life Records (M) Sdn Bhd , 2000
Subjects:

MARC

LEADER 00000cam a2200000 7i4500
001 0000041870
005 20080416.0
090 0 0 |a MUZ   |b DLL 
245 0 0 |a D'lloyd koleksi unggul [  |h cd music] :   |b MTV/karaoke 
260 |a Kuala Lumpur :   |b Life Records (M) Sdn Bhd ,   |c 2000 
300 |a 1 CD music (45 minutes) :   |b col 
500 |a Library has 2 copies 
520 0 |a General viewing for all ages (U) 
650 0 0 |a Songs 
650 0 0 |a Songs, Malay 
999 |a AV 01297   |b CD MUSIC   |c PINJAMAN   |e PERPUSTAKAAN KOMUNITI PETALING JAYA 
999 |a AV 01298   |b CD MUSIC   |c PINJAMAN   |e PERPUSTAKAAN KOMUNITI PETALING JAYA